Biblioteca

Política pública de economía solidaria en el contexto de planeación local y presupuesto participativo de Medellín 2008-2005: (Registro nro. 68073)

Detalles MARC
000 -LÍDER
Campo fijo de descripción fija 02027nam a2200349 i 4500
001 - NÚMERO DE CONTROL
Campo de control 768714001
003 - IDENTIFICADOR DEL NÚMERO DE CONTROL
Campo de control CO-MdFUSB
005 - FECHA Y HORA DE LA ULTIMA TRANSACCIÓN
control field 20220927145347.0
007 - CAMPO FIJO DE DESCRIPCIÓN FIJA--INFORMACIÓN GENERAL
Campo fijo de descripción fija ta
008 - ELEMENTOS DE LONGITUD FIJA -- INFORMACIÓN GENERAL
Campo fijo de descripción fija -- Información general 220818t2015 ck da||| |||| 00| 0 spa d
020 ## - NÚMERO INTERNACIONAL NORMALIZADO PARA LIBROS
Número Internacional Normalizado del libro 9789585796485
040 ## - FUENTE DE CATALOGACIÓN
Agencia de catalogación original CO-MdFUSB
Idioma de catalogación spa
Agencia que realiza la transcripción CO-MdFUSB
Agencia que realiza la modificación CO-MdFUSBC
Convenciones de la descripción rda
041 ## - CÓDIGO DE IDIOMA
Código de idioma para texto/pista de sonido o título separado spa
082 ## - NÚMERO DE CLASIFICACIÓN DECIMAL DEWEY
Número de la edición del Dewey 23
Número de clasificación 334
Clave de autor-Numero de item P764
110 ## - ASIENTO PRINCIPAL--NOMBRE CORPORATIVO
Nombre corporativo o de jurisdicción como elemento de entrada Personería de Medellín,
245 1# - TÍTULO
Título del Material Política pública de economía solidaria en el contexto de planeación local y presupuesto participativo de Medellín 2008-2005:
Parte restante del título - Subtitulo evaluación de su efectividad
Mención de responsabilidad, etc. / Personería de Medellín , Oswaldo Antonio Salgado Cañaveral , Olga Lucia Arboleda Álvarez , Martha del Socorro Alzate Cárdenas, Giomar Bibiana Peralta Robledo, Martha Ligia Pareja Mesa.
264 #0 - PRODUCCIÓN, PUBLICACIÓN, DISTRIBUCIÓN, MANUFACTURA, Y COPYRIGHT
Lugar de producción, publicación, distribución, manufactura Medellín, Antioquia :
Nombre del productor, publicador, distribuidor Fundación Universitaria Luis Amigó,
Fecha de producción, publicación, distribución, manufactura, o copyright [2014]
300 ## - DESCRIPCIÓN FÍSICA
Extensión 201 páginas
Dimensiones ; 21 cm
336 ## - TIPO DE CONTENIDO
Fuente rdacontent
Término de tipo de contenido texto
Código de tipo de contenido txt
337 ## - TIPO DE MEDIO
Fuente rdamedia
Nombre del tipo de medio sin mediación
Código del tipo de medio n
338 ## - TIPO DE SOPORTE
Fuente rdacarrier
Nombre del tipo de soporte volumen
Código Tipo de soporte nc
505 ## - NOTA DE CONTENIDO
Nota de contenido con formato preestablecido Memoria metodológica. -- La política publica de economía solidaria: desarrollos y perspectivas. -- Contexto de la economía solidaria para la interpretación de la política publica de economía solidaria en Medellín desde la perspectiva de los planes de desarrollo para Medellín del 2008- 2014. -- Sentidos y significados de la efectividad de la política publica de economía solidaria en Medellín: una perspectiva evaluativa. -- Conclusiones y recomendaciones en clave de efectividad de aplicación de la política publica de economía solidaria en Medellín.
563 ## - NOTA DE ENCUADERNACIÓN
Nota de encuadernación Rústico
653 ## - TÉRMINO DE INDIZACIÓN - NO CONTROLADO
Término no controlado Economía solidaria -- Medellín, Colombia.
700 ## - ASIENTO SECUNDARIO - NOMBRE PERSONAL
9 (RLIN) 7494
Nombre personal Salgado Cañaveral, Oswaldo Antonio
Responsabilidad autor
700 ## - ASIENTO SECUNDARIO - NOMBRE PERSONAL
9 (RLIN) 7495
Nombre personal Arboleda Álvarez, Olga Lucía,
Responsabilidad autor
700 ## - ASIENTO SECUNDARIO - NOMBRE PERSONAL
9 (RLIN) 7496
Nombre personal Alzate Cárdenas, Martha del Socorro,
Responsabilidad autor
700 ## - ASIENTO SECUNDARIO - NOMBRE PERSONAL
9 (RLIN) 7497
Nombre personal Peralta Robledo, Giomar Bibiana,
Responsabilidad autor
700 ## - ASIENTO SECUNDARIO - NOMBRE PERSONAL
9 (RLIN) 7498
Nombre personal Pareja Mesa, Martha Ligia,
Responsabilidad autor
942 ## - TIPO DE MATERIAL (KOHA)
Tipo de Item KOHA Libros General
945 ## - INFORMACIÓN LOCAL DEL REGISTRO
Catalogador JTF-925
Existencias
Estado de Material Estado de Perdido Forma de Clasificación Estado de Dañado No para Préstamo Colección Biblioteca de Origen Biblioteca Permanente Fecha de Adquisición Área Total de Préstamos Signatura Topográfica Código de Barras Última vez visto Ejemplar/Existencia Fecha de Remplazo Tipo de Material
    Dewey Decimal Classification     Colección General Biblioteca FUSBC Biblioteca FUSBC 18/08/2022 SOCIOLOGIA   G 334 P764p 24627 18/08/2022 Ej. 1 18/08/2022 Libros General

Biblioteca FUSBC | Teléfono: (57+4) 349 88 10 Ext. 141| WhatsApp (+57) 3005338115 
E-mail: biblioteca@unisbc.edu.co | Calle 76 87-14 Robledo Palenque, Medellín, Colombia

Con tecnología Koha